MARC

LEADER 00000nam0a2200000 4500
001 287531
005 20231102000010.0
035 |a (RuTPU)RU\TPU\book\311936 
090 |a 287531 
100 |a 20150317d1985 km y0rusy50 ca 
101 0 |a rus 
102 |a RU 
105 |a a z 001zy 
200 1 |a Художники Ульяновска 
210 |a Ленинград  |c Художник РСФСР  |d 1984 
215 |a 200 с.  |c ил. 
320 |a Библиогр.: с. 196 
320 |a Список иллюстраций: с. 196-200 
606 1 |a Художники  |2 stltpush  |3 (RuTPU)RU\TPU\subj\17691  |9 43265 
610 1 |a изобразительное искусство 
610 1 |a живопись 
610 1 |a скульптура 
610 1 |a графика 
610 1 |a история 
610 1 |a 20 век 
610 1 |a Ульяновск 
675 |a 7.071  |v 3 
700 1 |a Червонная  |b С. М.  |g Светлана Михайловна 
801 1 |a RU  |b 63413507  |c 20150317 
801 2 |a RU  |b 63413507  |c 20180328  |g RCR 
942 |c BK